000 00679nam a22001695i 4500
001 157476
003 ES-MaACL
005 20230906210713.0
008 040810s1865 fr |||| | fre d
040 _aCAM
_bspa
_cCAM
100 1 _aLeibniz, Gottfried Wilhelm
_cFreiherr von.
_971367
245 1 0 _aOeuvres de Leibniz.
_n6,
_pPetits traités politiques /
_cpubliées pour la première fois d'après les manuscrits originaux avec notes et introd. par A. Fourcher de Careil.
260 _aParis :
_bF. Didot frères, fils et Cie,
_c1865.
300 _aVIII-408 p. ;
_c21 cm.
700 1 _aFoucher de Careil, Louis Alexandre.
_951927
852 _aES-MaACL
_jG-14133
_z-- Enc. hol.
999 _c157476
_d157476